La Lógica di Hegel (Saggio d'interpretazione) / (Record no. 80111)

MARC details
000 -LEADER
campo de control de longitud fija 00559nam a2200169 i 4500
001 - NÚMERO DE CONTROL
campo de control 80111
003 - IDENTIFICADOR DE NÚMERO DE CONTROL
campo de control ES-MaACL
005 - FECHA Y HORA DE LA ÚLTIMA TRANSACCIÓN
campo de control 20230906174131.0
007 - CAMPO FIJO DE DESCRIPCIÓN FÍSICA--INFORMACIÓN GENERAL
campo de control de longitud fija t|
008 - DATOS DE LONGITUD FIJA--INFORMACIÓN GENERAL
campo de control de longitud fija 041026s1910 it ||||1| ita d
100 1# - ENTRADA PRINCIPAL--NOMBRE DE PERSONA
Nombre de persona Hibben, John Grier.
9 (RLIN) 63540
245 13 - MENCIÓN DEL TÍTULO
Título La Lógica di Hegel (Saggio d'interpretazione) /
Mención de responsabilidad, etc. John Grier Hibben ; traduzione dall'inglese e prefazione di Giuseppe Rensi.
260 ## - PUBLICACIÓN, DISTRIBUCIÓN, ETC.
Lugar de publicación, distribución, etc. Torino :
Nombre del editor, distribuidor, etc. Fratelli Bocca,
Fecha de publicación, distribución, etc. 1910 (
Fabricante Vicenzo Bona)
300 ## - DESCRIPCIÓN FÍSICA
Extensión XLVIII, 274 p. ;
Dimensiones 20 cm.
700 1# - ENTRADA AGREGADA--NOMBRE PERSONAL
Nombre de persona Rensi, Giuseppe.
9 (RLIN) 96239
852 ## - LOCALIZACIÓN
Ubicación ES-MaACL
Número de control de estantería F-4078
Holdings
Estatus retirado Estado de pérdida Estado de daño No para préstamo Biblioteca de origen Biblioteca actual Ubicación en estantería Fecha de adquisición Fuente de adquisición Total de préstamos Signatura topográfica completa Código de barras Visto por última vez Precio de reemplazo Tipo de ítem Koha
        Biblioteca del Ateneo de Madrid Biblioteca del Ateneo de Madrid Depósito 2 17/01/2008     F-4078 1083760 23/02/2023 23/02/2023 Libro impreso